000 00981nam a2200289 i 4500
001 bg
003 BPK
005 20200825121848.0
008 081216s2008 pl a |000 0 pol
015 _aPB 2009/1103
020 _a9788374811590
040 _aWA N
_cBPK
080 _a331.101.1
080 _a616-057
245 0 0 _aDolegliwości zdrowotne a warunki pracy /
_cred. Edward Kowal.
260 _aZielona Góra :
_bOficyna Wydawnicza Uniwersytetu Zielonogórskiego,
_c2008.
300 _a62 s. :
_bil. ;
_c24 cm.
490 1 _aInżynieria Ergonomii ;
_vt. 3.
504 _aBibliogr. przy pracach.
650 4 _aErgonomia
650 4 _aChoroby zawodowe
700 1 _aKowal, Edward.
_eRed.
710 2 _aUniwersytet Zielonogórski.
_bOficyna Wydawnicza.
_4pbl.
830 0 _aInżynieria Ergonomii ;
_vt. 3.
856 _uhttp://koha.tu.koszalin.pl/cgi-bin/koha/opac-detail.pl?biblionumber=56657
_yKatalog online BPK
942 _2UKD
_cKS
999 _c56657
_d56657